[Event "CCT Play-in Chessable Masters 2024"]
[Site "Online"]
[Date "2024.01.31"]
[Round "8"]
[White "Sereiaza"]
[Black "Hovhannisyan, Robert"]
[Result "1-0"]
[WhiteElo "2584"]
[BlackElo "2611"]
[Annotator "RC"]
[PlyCount "51"]
[EventDate "2024.01.26"]
[EventType "swiss"]
[EventCountry "NET"]
[SourceTitle "playchess.com"]
[Source "ChessBase"]
[SourceQuality "1"]

1. e4 e5 2. Nf3 Nc6 3. Bc4 Bc5 4. d3 Nf6 5. Bg5 h6 6. Bh4 d6 7. c3 a5 8. Nbd2 Ba7 9. O-O g5 10. Bg3 Bg4 11. Qb3 Qd7 12. d4 exd4 13. e5 Nh5 14. cxd4 Nxg3 15. hxg3 O-O-O 16. Bb5 d5 17. Rfc1 Qe6 18. Bxc6 bxc6 19. Qa4 Kd7 20. Rc3 Rb8 21. Rac1 Rb4 22. Qxa5 Rb7 23. Rxc6 Qxc6 24. Rxc6 Kxc6 25. Qa6+ Bb6 26. Qa4# 1-0

[Event "CCT Play-in Chessable Masters 2024"]
[Site "Online"]
[Date "2024.01.31"]
[Round "8"]
[White "bardiya_Daneshvar"]
[Black "Dominguez Perez, Leinier"]
[Result "1-0"]
[WhiteElo "2584"]
[BlackElo "2752"]
[Annotator "TA"]
[PlyCount "55"]
[EventDate "2024.01.26"]
[EventType "swiss"]
[EventCountry "NET"]
[SourceTitle "playchess.com"]
[Source "ChessBase"]
[SourceQuality "1"]

1. Nf3 Nf6 2. g3 c5 3. Bg2 Nc6 4. O-O e5 5. e4 d6 6. d3 g6 7. Nc3 Bg7 8. Nd2 O-O 9. Nc4 Bg4 10. Bf3 Bxf3 11. Qxf3 d5 12. exd5 Nd4 13. Qd1 Nxd5 14. Be3 Rc8 15. a4 Nb4 16. Rc1 f5 17. Re1 Nbc6 18. Nb5 Qd7 19. Bxd4 cxd4 20. Qf3 Rce8 21. Qg2 Re6 22. Re2 Rfe8 23. Rce1 a6 24. Nba3 Nb4 25. a5 e4 26. Qf1 Nd5 27. Nb6 Qb5 28. Nxb5 1-0

[Event "CCT Play-in Chessable Masters 2024"]
[Site "Online"]
[Date "2024.01.31"]
[Round "8"]
[White "vugarrasulov"]
[Black "Sargsyan_Shant"]
[Result "0-1"]
[WhiteElo "2582"]
[BlackElo "2633"]
[Annotator "RC"]
[PlyCount "118"]
[EventDate "2024.01.26"]
[EventType "swiss"]
[EventCountry "NET"]
[SourceTitle "playchess.com"]
[Source "ChessBase"]
[SourceQuality "1"]

1. e4 c5 2. Nf3 d6 3. Bc4 Nc6 4. O-O Nf6 5. d3 e6 6. Bb3 Be7 7. c3 O-O 8. Re1 b5 9. Nbd2 Bb7 10. Nf1 Rc8 11. Ng3 Qc7 12. h3 Rfd8 13. Bf4 Ne5 14. Bc2 Ng6 15. Bd2 d5 16. e5 Nd7 17. d4 cxd4 18. Bxg6 hxg6 19. cxd4 Qc2 20. Rb1 b4 21. Qe2 Qc4 22. Qe3 Qxa2 23. h4 Rc2 24. Ra1 Qc4 25. Rxa7 Qb5 26. Qb3 Rc4 27. Rea1 Nb8 28. Qa4 Qd7 29. b3 Rc7 30. Qxd7 Rdxd7 31. R7a4 Nc6 32. Rc1 f6 33. exf6 gxf6 34. Ne2 e5 35. h5 gxh5 36. Raa1 Bd6 37. dxe5 fxe5 38. Nh4 Rf7 39. Rc2 d4 40. Ng3 d3 41. Rc4 Nd4 42. Rb1 Rxc4 43. bxc4 b3 44. Bc3 Bc5 45. Bxd4 Bxd4 46. Ngf5 d2 47. Nh6+ Kf8 48. Nxf7 Be4 49. Rd1 Bc2 50. Rxd2 b2 51. Ng5 b1=Q+ 52. Kh2 Qc1 53. Nhf3 Ke7 54. c5 Kf6 55. c6 Bf5 56. Ra2 Qxc6 57. Ra5 Bg4 58. Ra3 Bxf3 59. Nxf3 Qd6 0-1

[Event "CCT Play-in Chessable Masters 2024"]
[Site "Online"]
[Date "2024.01.31"]
[Round "8"]
[White "DrVelja"]
[Black "HansOnTwitch"]
[Result "1-0"]
[WhiteElo "2581"]
[BlackElo "2703"]
[Annotator "TA"]
[PlyCount "87"]
[EventDate "2024.01.26"]
[EventType "swiss"]
[EventCountry "NET"]
[SourceTitle "playchess.com"]
[Source "ChessBase"]
[SourceQuality "1"]

1. e4 c6 2. d4 d5 3. e5 Bf5 4. h4 a6 5. g4 Bd7 6. c4 e6 7. Nc3 Ne7 8. cxd5 cxd5 9. h5 h6 10. f4 Nbc6 11. Nf3 Rc8 12. Rh2 Na5 13. Bd3 Qb6 14. Kf1 Nec6 15. Bb1 Nc4 16. Kg1 Nxd4 17. Nxd4 Bc5 18. Nce2 Nxb2 19. Bxb2 Qxb2 20. Bc2 Ba7 21. Kh1 b5 22. f5 Rc4 23. Rb1 Qa3 24. Rb3 Qc5 25. Rd3 Qc7 26. Re3 Ke7 27. fxe6 Bxe6 28. Rf2 Bxg4 29. Qf1 Rf8 30. Bg6 Kd8 31. e6 Bxe2 32. Qxe2 Qe7 33. Nf5 Rc1+ 34. Kg2 Qg5+ 35. Rg3 Rg1+ 36. Kxg1 Bxf2+ 37. Kxf2 Qf4+ 38. Kg2 fxe6 39. Qxe6 Qd2+ 40. Kh3 Rf6 41. Qe7+ Kc8 42. Nd6+ Rxd6 43. Bf5+ Kb8 44. Qxd6+ 1-0

[Event "CCT Play-in Chessable Masters 2024"]
[Site "Online"]
[Date "2024.01.31"]
[Round "8"]
[White "Prohaszka, Peter"]
[Black "zvonokchess"]
[Result "1/2-1/2"]
[WhiteElo "2578"]
[BlackElo "2533"]
[Annotator "ChessBase"]
[PlyCount "249"]
[EventDate "2024.01.26"]
[EventType "swiss"]
[EventCountry "NET"]
[SourceTitle "playchess.com"]
[Source "ChessBase"]
[SourceQuality "1"]

1. d4 d5 2. Nf3 Nf6 3. c3 Bf5 4. Qb3 Qc8 5. c4 e6 6. cxd5 exd5 7. Nc3 c6 8. Bf4 Be7 9. Rc1 O-O 10. e3 Nbd7 11. Be2 h6 12. h3 a6 13. a4 a5 14. O-O Bb4 15. Rfd1 Rd8 16. Ne1 Nf8 17. Nd3 Be7 18. Ne5 Ng6 19. Nxg6 Bxg6 20. Bf3 Qd7 21. Be5 Re8 22. Ne2 Ne4 23. Nf4 Bf5 24. Nd3 Bf8 25. Qb6 Ra6 26. Qc7 Qxc7 27. Bxc7 Rc8 28. Bf4 Rb6 29. Bg4 Bxg4 30. hxg4 Rb3 31. Rc2 Bd6 32. f3 Bxf4 33. Nxf4 Nd6 34. Rd3 Rxd3 35. Nxd3 Kf8 36. Kf2 Ke7 37. b3 Kd7 38. Ne5+ Kc7 39. Ke2 Re8 40. Kd3 Ra8 41. Rc1 Re8 42. Kd2 Ra8 43. Rh1 Re8 44. Rh5 Rb8 45. Rh1 Re8 46. Nd3 Rb8 47. Rc1 Ra8 48. Nf4 Kd7 49. Nh5 Rg8 50. Kd3 Ne8 51. Rc5 b6 52. Rc1 Nc7 53. Ng3 Ne6 54. Nf5 Rb8 55. Ra1 Rh8 56. Kc3 Rc8 57. Rd1 Rb8 58. Kb2 Re8 59. Kc2 Rh8 60. Ng3 g6 61. Rh1 Ke7 62. Ne2 Kd6 63. Rd1 Ke7 64. Nc1 h5 65. Rh1 Rg8 66. gxh5 gxh5 67. Rh2 c5 68. dxc5 bxc5 69. Nd3 d4 70. Kd2 dxe3+ 71. Kxe3 Rb8 72. Nc1 Rg8 73. Ne2 Rb8 74. Nc1 Rg8 75. Ke4 Kd6 76. Ne2 Rb8 77. Nc1 Rg8 78. f4 Rg3 79. f5 Rg4+ 80. Ke3 Nd4 81. Rxh5 Rxg2 82. Nd3 Nxb3 83. Rh6+ Ke7 84. Rb6 c4 85. f6+ Kd7 86. Ne5+ Kc7 87. Nxc4 Nc5 88. Rb5 Nd7 89. Rf5 Rg6 90. Rxa5 Rxf6 91. Ra7+ Kc8 92. Ra8+ Kb7 93. Rd8 Kc7 94. Rh8 Rg6 95. a5 Nc5 96. Kd4 Nb3+ 97. Kc3 Nc5 98. Kb4 Nd3+ 99. Kc3 Nc5 100. Rh7 Rf6 101. Kd4 Nb3+ 102. Kc3 Nc5 103. Kb4 Nd3+ 104. Kb3 Nc5+ 105. Kc3 Ne4+ 106. Kd4 Nd6 107. Ne5 Kb7 108. Rh8 Ka6 109. Ra8+ Kb7 110. Rd8 Ka6 111. Kd5 Nb7 112. Ra8+ Kb5 113. Rb8 Rd6+ 114. Ke4 Ka6 115. Ra8+ Kb5 116. Rb8 Ka6 117. Nc4 Rd7 118. Ra8+ Kb5 119. Ne5 Rc7 120. Kf5 Nxa5 121. Kf6 Nc6 122. Nxc6 Kxc6 123. Rf8 Kd6 124. Rxf7 Rxf7+ 125. Kxf7 1/2-1/2

[Event "CCT Play-in Chessable Masters 2024"]
[Site "Online"]
[Date "2024.01.31"]
[Round "8"]
[White "baki83"]
[Black "Sadhwani, Raunak"]
[Result "0-1"]
[WhiteElo "2572"]
[BlackElo "2654"]
[Annotator "NA"]
[PlyCount "88"]
[EventDate "2024.01.26"]
[EventType "swiss"]
[EventCountry "NET"]
[SourceTitle "playchess.com"]
[Source "ChessBase"]
[SourceQuality "1"]

1. e4 c5 2. Nf3 Nc6 3. Bb5 g6 4. O-O Bg7 5. Re1 e5 6. b4 cxb4 7. a3 Nge7 8. axb4 Nxb4 9. Ba3 Nbc6 10. Bd6 O-O 11. Na3 Re8 12. Bc4 a6 13. Qb1 Bf6 14. d4 Nxd4 15. Nxd4 exd4 16. Qb3 Rf8 17. e5 Bg5 18. f4 Bxf4 19. Rf1 Be3+ 20. Kh1 Nf5 21. Bxf8 Qxf8 22. g4 Nh6 23. Nb5 d5 24. Bxd5 Bxg4 25. Nd6 Nf5 26. Nxf7 Kg7 27. Qxb7 Rb8 28. Qa7 d3 29. Qxa6 Rb6 30. Qxd3 Qc5 31. Ra7 Rb4 32. Rd7 Ng3+ 33. hxg3 Bxd7 34. Nd6 Bg4 35. c4 Kh6 36. Nf7+ Kg7 37. Nd6 Kh6 38. Ne4 Qb6 39. c5 Bxc5 40. Nxc5 Qxc5 41. Qd2+ Kg7 42. Rf7+ Kh8 43. Qh6 Rb1+ 44. Kh2 Qg1# 0-1

[Event "CCT Play-in Chessable Masters 2024"]
[Site "Online"]
[Date "2024.01.31"]
[Round "8"]
[White "Sanal, Vahap"]
[Black "chessdjw"]
[Result "1-0"]
[WhiteElo "2567"]
[BlackElo "2549"]
[Annotator "RC"]
[PlyCount "101"]
[EventDate "2024.01.26"]
[EventType "swiss"]
[EventCountry "NET"]
[SourceTitle "playchess.com"]
[Source "ChessBase"]
[SourceQuality "1"]

1. e4 e5 2. Nf3 Nc6 3. Nc3 Nf6 4. d4 exd4 5. Nxd4 Bb4 6. Nxc6 bxc6 7. Bd3 d5 8. exd5 O-O 9. O-O cxd5 10. h3 c6 11. Qf3 Bd6 12. Bf4 Be6 13. Ne2 Rb8 14. b3 c5 15. Rad1 a5 16. Rfe1 Re8 17. c3 Qc7 18. Qg3 Red8 19. Bxd6 Qxd6 20. Nf4 Kf8 21. Re5 Bc8 22. Rde1 Bb7 23. Nh5 g6 24. Qf4 Nxh5 25. Re8+ Kg7 26. Qxd6 Rxd6 27. Rxb8 Bc6 28. Rb6 Rf6 29. Bb5 Bxb5 30. Rxb5 Nf4 31. Rxa5 d4 32. cxd4 cxd4 33. Rd1 Rd6 34. Ra4 Ne2+ 35. Kf1 d3 36. Rxd3 Rxd3 37. Kxe2 Rd6 38. Rc4 Ra6 39. a4 h5 40. Kd3 g5 41. Rc5 Kg6 42. a5 Rd6+ 43. Kc3 g4 44. hxg4 hxg4 45. b4 Rf6 46. b5 Rxf2 47. b6 Rf1 48. a6 Rc1+ 49. Kd4 Rb1 50. a7 f5 51. a8=Q 1-0

[Event "CCT Play-in Chessable Masters 2024"]
[Site "Online"]
[Date "2024.01.31"]
[Round "8"]
[White "Bernadskiy, Vitaliy"]
[Black "Salgado Lopez, Ivan"]
[Result "1-0"]
[WhiteElo "2566"]
[BlackElo "2608"]
[Annotator "RC"]
[PlyCount "55"]
[EventDate "2024.01.26"]
[EventType "swiss"]
[EventCountry "NET"]
[SourceTitle "playchess.com"]
[Source "ChessBase"]
[SourceQuality "1"]

1. e4 e6 2. d4 d5 3. Nd2 c5 4. Ngf3 cxd4 5. Nxd4 Nc6 6. Bb5 Bd7 7. Nxc6 bxc6 8. Bd3 Qc7 9. Qe2 Bd6 10. Nf3 dxe4 11. Qxe4 Nf6 12. Qh4 h6 13. O-O c5 14. Rd1 Bc6 15. Nd2 g5 16. Qh3 Bf4 17. Nc4 O-O-O 18. Be3 Nd5 19. Bxc5 g4 20. Qh4 f5 21. Bf1 Bg5 22. Qg3 Bf4 23. Qa3 Bxh2+ 24. Kh1 g3 25. Bd6 Qf7 26. Ne5 Qh5 27. Ba6+ Bb7 28. Qc5+ 1-0

[Event "CCT Play-in Chessable Masters 2024"]
[Site "Online"]
[Date "2024.01.31"]
[Round "8"]
[White "Alonso Rosell, Alvar"]
[Black "Andreikin, Dmitry"]
[Result "1-0"]
[WhiteElo "2562"]
[BlackElo "2729"]
[Annotator "RC"]
[PlyCount "115"]
[EventDate "2024.01.26"]
[EventType "swiss"]
[EventCountry "NET"]
[SourceTitle "playchess.com"]
[Source "ChessBase"]
[SourceQuality "1"]

1. d4 Nf6 2. c4 e6 3. Nf3 b6 4. g3 Bb7 5. Bg2 g6 6. Nc3 Bg7 7. d5 O-O 8. O-O exd5 9. cxd5 Re8 10. Nd4 a5 11. e4 Na6 12. Re1 d6 13. Bf4 Nc5 14. Ndb5 Nfd7 15. Qc2 a4 16. Rad1 Ne5 17. Nd4 Qd7 18. Bf1 Ba6 19. Bxa6 Rxa6 20. Kg2 h5 21. f3 h4 22. gxh4 b5 23. Bg3 b4 24. Nce2 b3 25. axb3 axb3 26. Nxb3 Nxb3 27. Qxb3 Rb6 28. Qc2 Reb8 29. Rb1 c5 30. dxc6 Rxc6 31. Qa4 Nc4 32. Rbc1 Qc8 33. b3 Ne3+ 34. Kf2 Nc2 35. Red1 Ra8 36. Qb5 Ra2 37. Rd2 Qa8 38. Bf4 Ra5 39. Qd3 Nb4 40. Qe3 Rxc1 41. Nxc1 d5 42. Ne2 Kh7 43. h5 g5 44. exd5 gxf4 45. Qe4+ f5 46. Qxb4 Qa7+ 47. Kg2 Ra1 48. Qxf4 Qf7 49. Qg5 Kh8 50. d6 Ra8 51. d7 Bf6 52. Qxf5 Rg8+ 53. Ng3 Qe7 54. h6 Bc3 55. Rc2 Bd4 56. Rc8 Qe2+ 57. Kh3 Qf1+ 58. Nxf1 1-0

[Event "CCT Play-in Chessable Masters 2024"]
[Site "Online"]
[Date "2024.01.31"]
[Round "8"]
[White "Dragun, Kamil"]
[Black "rasmussvane"]
[Result "0-1"]
[WhiteElo "2553"]
[BlackElo "2599"]
[Annotator "RC"]
[PlyCount "86"]
[EventDate "2024.01.26"]
[EventType "swiss"]
[EventCountry "NET"]
[SourceTitle "playchess.com"]
[Source "ChessBase"]
[SourceQuality "1"]

1. d4 Nf6 2. c4 e6 3. Nc3 Bb4 4. e3 O-O 5. Bd3 d5 6. Nge2 dxc4 7. Bxc4 c5 8. a3 Bxc3+ 9. Nxc3 cxd4 10. exd4 Nc6 11. Be3 b6 12. O-O Bb7 13. Re1 Rc8 14. Bd3 h6 15. Bc2 Ne7 16. Qd3 Ned5 17. Bd2 Qc7 18. Re5 Nxc3 19. bxc3 Rfd8 20. Rae1 Kf8 21. h3 Qc4 22. Qg3 Qa2 23. Rc1 Ne4 24. Rxe4 Bxe4 25. Bxh6 gxh6 26. Bxe4 Qd2 27. Rf1 Rxc3 28. Bf3 Rc1 29. Rxc1 Qxc1+ 30. Kh2 Qxa3 31. Qh4 Qd6+ 32. g3 Qxd4 33. Qxh6+ Ke7 34. Kg2 a5 35. h4 Qe5 36. Qc1 b5 37. h5 b4 38. h6 Kf6 39. Qc6 Kg6 40. Qb6 Rd2 41. Qa7 Qd4 42. Qa8 Qxf2+ 43. Kh3 Qh2+ 0-1

[Event "CCT Play-in Chessable Masters 2024"]
[Site "Online"]
[Date "2024.01.31"]
[Round "8"]
[White "JSPrepz"]
[Black "crescentmoon"]
[Result "1-0"]
[WhiteElo "2550"]
[BlackElo "2645"]
[Annotator "TA"]
[PlyCount "75"]
[EventDate "2024.01.26"]
[EventType "swiss"]
[EventCountry "NET"]
[SourceTitle "playchess.com"]
[Source "ChessBase"]
[SourceQuality "1"]

1. e4 c5 2. Nf3 Nc6 3. b4 e5 4. b5 Nd4 5. Nxe5 Qe7 6. Nc4 Qxe4+ 7. Ne3 Nf6 8. Nc3 Qh4 9. g3 Qh6 10. Bg2 Bd6 11. Nc4 Bc7 12. d3 Qg6 13. O-O O-O 14. Be3 d5 15. Bxd4 Bg4 16. Qd2 cxd4 17. Nxd5 Nxd5 18. Bxd5 h5 19. Bxb7 Rab8 20. Be4 f5 21. Bd5+ Kh8 22. a4 h4 23. f4 Rbe8 24. Rae1 Bh3 25. Bg2 Bg4 26. Qf2 Qh5 27. Bc6 Rc8 28. Re6 Kh7 29. Rfe1 Bd8 30. Be8 Rxe8 31. Rxe8 Rxc4 32. Rxd8 hxg3 33. Qxg3 Rxc2 34. Rd7 Qh3 35. Qxh3+ Bxh3 36. Ree7 Rg2+ 37. Kf1 Kh6 38. Rxa7 1-0

[Event "CCT Play-in Chessable Masters 2024"]
[Site "Online"]
[Date "2024.01.31"]
[Round "8"]
[White "Bosiocic, Marin"]
[Black "Zhu, Jiner"]
[Result "1/2-1/2"]
[WhiteElo "2549"]
[BlackElo "2467"]
[Annotator "RC"]
[PlyCount "115"]
[EventDate "2024.01.26"]
[EventType "swiss"]
[EventCountry "NET"]
[SourceTitle "playchess.com"]
[Source "ChessBase"]
[SourceQuality "1"]

1. Nf3 Nf6 2. g3 d5 3. Bg2 g6 4. O-O Bg7 5. d4 O-O 6. c4 c6 7. Nc3 dxc4 8. e4 b5 9. Qe2 Bb7 10. e5 Nd5 11. h4 Nxc3 12. bxc3 c5 13. Rd1 cxd4 14. Nxd4 Bxg2 15. Kxg2 Qb6 16. Rb1 Nc6 17. Nf3 Rad8 18. Rxd8 Rxd8 19. a4 a6 20. axb5 axb5 21. Bf4 Rd3 22. Qe4 Rxc3 23. Ra1 Rd3 24. Ra8+ Nd8 25. Be3 Qc7 26. Nd4 Bxe5 27. Nc6 f5 28. Qf3 Kg7 29. Nb4 Rd7 30. Na6 Qc6 31. Nc5 Qxf3+ 32. Kxf3 Rd6 33. Rxd8 Rxd8 34. Ne6+ Kg8 35. Nxd8 b4 36. Ke2 b3 37. Kd1 c3 38. Nb7 Kf7 39. Nc5 b2 40. Kc2 Bg7 41. Na4 Ke6 42. Bc5 Kd5 43. Bxe7 Bd4 44. Bb4 Kc4 45. Bxc3 b1=Q+ 46. Kxb1 Bxc3 47. Nxc3 Kxc3 48. Kc1 Kd3 49. Kd1 f4 50. gxf4 Ke4 51. h5 gxh5 52. Ke1 Kxf4 53. Kf1 Kf3 54. Kg1 h4 55. Kh2 Kxf2 56. Kh3 Kf3 57. Kxh4 h5 58. Kxh5 1/2-1/2

[Event "CCT Play-in Chessable Masters 2024"]
[Site "Online"]
[Date "2024.01.31"]
[Round "8"]
[White "Drygalov, Sergey"]
[Black "Grischuk, Alexander"]
[Result "0-1"]
[WhiteElo "2547"]
[BlackElo "2732"]
[Annotator "TA"]
[PlyCount "108"]
[EventDate "2024.01.26"]
[EventType "swiss"]
[EventCountry "NET"]
[SourceTitle "playchess.com"]
[Source "ChessBase"]
[SourceQuality "1"]

1. d4 d5 2. c4 c6 3. Nf3 Nf6 4. Nc3 e6 5. e3 Nbd7 6. Qc2 Bd6 7. Bd3 O-O 8. O-O dxc4 9. Bxc4 e5 10. h3 Qe7 11. a3 e4 12. Ng5 Nb6 13. Ba2 Bf5 14. f3 Nbd5 15. fxe4 Nxc3 16. Rxf5 Ncxe4 17. Nxe4 Nxe4 18. Bd2 g6 19. Rf3 Kg7 20. Raf1 f5 21. Qd3 h5 22. Bb1 Rae8 23. b4 Bb8 24. Be1 Qd6 25. g3 Ng5 26. h4 Nxf3+ 27. Rxf3 Qd5 28. Qd1 Re7 29. Bc2 Rfe8 30. Bf2 a6 31. Bb3 Qd6 32. Bc2 Qd5 33. Bb3 Qd7 34. Bc2 Bd6 35. Kg2 Rf7 36. Bb3 Rff8 37. Be1 Re4 38. Bc2 Rg4 39. Kh1 Re8 40. Bf2 Bc7 41. Bb3 Qd6 42. Kg2 Qe7 43. d5 Rd8 44. Be1 cxd5 45. Bc2 Be5 46. Bd3 Qxh4 47. b5 axb5 48. Qb3 Qe7 49. Qxb5 h4 50. Kf1 hxg3 51. Kg2 Qf7 52. Be2 Rh8 53. Kg1 g2 54. Rh3 Rxh3 0-1

[Event "CCT Play-in Chessable Masters 2024"]
[Site "Online"]
[Date "2024.01.31"]
[Round "8"]
[White "stSecond"]
[Black "LastGladiator1"]
[Result "1-0"]
[WhiteElo "2547"]
[BlackElo "2617"]
[Annotator "RC"]
[PlyCount "137"]
[EventDate "2024.01.26"]
[EventType "swiss"]
[EventCountry "NET"]
[SourceTitle "playchess.com"]
[Source "ChessBase"]
[SourceQuality "1"]

1. d4 Nf6 2. c4 g6 3. Nc3 Bg7 4. e4 d6 5. Nf3 O-O 6. h3 e5 7. d5 Na6 8. Be3 Nh5 9. a3 f5 10. b4 Nf6 11. c5 dxc5 12. Bxa6 cxb4 13. axb4 bxa6 14. O-O Ne8 15. d6 Be6 16. Ng5 Bc4 17. dxc7 Nxc7 18. Qxd8 Rfxd8 19. Rfc1 f4 20. Na4 fxe3 21. Rxc4 exf2+ 22. Kxf2 Nb5 23. Nc5 Rd2+ 24. Kg1 Rc8 25. Rxa6 Bh6 26. h4 Nd6 27. Rc3 Rd4 28. Rf3 Nb5 29. Re6 Rxb4 30. Nd7 Bxg5 31. hxg5 Nd4 32. Re7 Nxf3+ 33. gxf3 Rb1+ 34. Kg2 Rc2+ 35. Kh3 Rh1+ 36. Kg3 Rg1+ 37. Kh3 a5 38. Nf6+ Kf8 39. Rd7 Rh1+ 40. Kg3 Rg1+ 41. Kh3 Rh1+ 42. Kg3 Rc6 43. Ra7 h5 44. Nd7+ Ke8 45. Nxe5 Rc5 46. Kf4 Rh4+ 47. Kg3 Rh1 48. Kf4 h4 49. Ra8+ Ke7 50. Nxg6+ Kd6 51. Ne5 h3 52. Ra6+ Kc7 53. Ng4 h2 54. g6 Kb7 55. g7 Kxa6 56. g8=Q a4 57. Qa2 Ka5 58. Nxh2 Rhc1 59. Ng4 R1c2 60. Qa1 Rc1 61. Qb2 R1c2 62. Qb8 a3 63. Ne3 Rb2 64. Qa7+ Kb4 65. Nd5+ Rxd5 66. exd5 a2 67. d6 Rd2 68. d7 Kb3 69. Qe3+ 1-0

[Event "CCT Play-in Chessable Masters 2024"]
[Site "Online"]
[Date "2024.01.31"]
[Round "8"]
[White "Sychev, Klementy"]
[Black "Sivuk, Vitaly"]
[Result "0-1"]
[WhiteElo "2542"]
[BlackElo "2502"]
[Annotator "RC"]
[PlyCount "92"]
[EventDate "2024.01.26"]
[EventType "swiss"]
[EventCountry "NET"]
[SourceTitle "playchess.com"]
[Source "ChessBase"]
[SourceQuality "1"]

1. e4 e5 2. Nf3 Nc6 3. d4 exd4 4. Nxd4 Nf6 5. Nxc6 bxc6 6. e5 Qe7 7. Qe2 Nd5 8. g3 a5 9. Bg2 Ba6 10. c4 g6 11. b3 Bg7 12. Bb2 O-O 13. O-O a4 14. Qd2 Nb6 15. Re1 Rfb8 16. Na3 axb3 17. axb3 Bb7 18. Nc2 Rxa1 19. Bxa1 c5 20. Bxb7 Rxb7 21. Ne3 h5 22. f4 d6 23. Bc3 Rb8 24. Ng2 Nd7 25. Ne3 dxe5 26. Nd5 Qd6 27. fxe5 Nxe5 28. Qf4 Re8 29. Rf1 f5 30. Qg5 c6 31. Bxe5 Rxe5 32. Nf4 Kh7 33. Kg2 Bh6 34. Rd1 Rd5 35. Rxd5 cxd5 36. Qh4 dxc4 37. bxc4 g5 38. Qxh5 gxf4 39. Qxf5+ Kg7 40. Kh3 fxg3 41. hxg3 Qd4 42. Qe6 Bg5 43. Kg2 Bf6 44. Kh3 Qe5 45. Qd7+ Kh6 46. Qf7 Qh5+ 0-1

[Event "CCT Play-in Chessable Masters 2024"]
[Site "Online"]
[Date "2024.01.31"]
[Round "8"]
[White "VSERGUEI"]
[Black "Holt, Conrad"]
[Result "1-0"]
[WhiteElo "2536"]
[BlackElo "2540"]
[Annotator "RC"]
[PlyCount "121"]
[EventDate "2024.01.26"]
[EventType "swiss"]
[EventCountry "NET"]
[SourceTitle "playchess.com"]
[Source "ChessBase"]
[SourceQuality "1"]

1. d4 d5 2. c4 c6 3. cxd5 cxd5 4. Bf4 Nc6 5. e3 Nf6 6. Nc3 Bf5 7. Qb3 Na5 8. Qa4+ Bd7 9. Qc2 e6 10. Nf3 Rc8 11. Bd3 Nc6 12. a3 Nh5 13. Bg5 Be7 14. Bxe7 Qxe7 15. O-O Nf6 16. Rfc1 O-O 17. h3 Rfd8 18. Ne5 Be8 19. f4 g6 20. b4 Nd7 21. Qb3 Nb6 22. Nxc6 Rxc6 23. b5 Rc7 24. Na4 Nc8 25. Rxc7 Qxc7 26. Nc5 Nd6 27. Qb4 Qe7 28. b6 axb6 29. Qxb6 Bc6 30. a4 g5 31. a5 gxf4 32. exf4 Qf6 33. Kh1 Nc4 34. Bxc4 dxc4 35. a6 Rxd4 36. a7 Bxg2+ 37. Kg1 Bd5 38. a8=Q+ Kg7 39. Qbd8 Qxf4 40. Qh8+ Kg6 41. Qag8+ Kf5 42. Qhxh7+ Ke5 43. Qb8+ Kf6 44. Qxf4+ Rxf4 45. Qh6+ Kf5 46. Rf1 Rxf1+ 47. Kxf1 b5 48. Qd2 Ke5 49. Na6 f5 50. Nb4 Be4 51. Kf2 f4 52. h4 Bg6 53. Qe2+ Kf6 54. Nc6 Bf5 55. Qe5+ Kg6 56. Qxf4 c3 57. Qg5+ Kf7 58. Nd4 Bh7 59. Qxb5 c2 60. Qc5 Kf6 61. Nxc2 1-0

[Event "CCT Play-in Chessable Masters 2024"]
[Site "Online"]
[Date "2024.01.31"]
[Round "8"]
[White "Sankalp Gupta"]
[Black "Vasquez Schroeder, Rodrigo"]
[Result "0-1"]
[WhiteElo "2535"]
[BlackElo "2475"]
[Annotator "RC"]
[PlyCount "126"]
[EventDate "2024.01.26"]
[EventType "swiss"]
[EventCountry "NET"]
[SourceTitle "playchess.com"]
[Source "ChessBase"]
[SourceQuality "1"]

1. e4 d5 2. exd5 Qxd5 3. Nc3 Qd8 4. Bc4 Nf6 5. Nf3 c6 6. Ne5 e6 7. d4 Nbd7 8. Qe2 Nxe5 9. dxe5 Nd5 10. Ne4 Qc7 11. f4 Be7 12. c3 b6 13. O-O Bb7 14. a4 c5 15. Bd2 g6 16. a5 O-O 17. a6 Bc6 18. Be1 Rad8 19. Bg3 Qd7 20. Rad1 b5 21. Bd3 c4 22. Bc2 Qc8 23. Qf2 Qxa6 24. Ra1 Qb6 25. Rxa7 Qxf2+ 26. Bxf2 Ra8 27. Rxe7 Nxe7 28. Nf6+ Kg7 29. Bc5 Nd5 30. Bxf8+ Kxf8 31. Be4 Ra2 32. Bxd5 exd5 33. Nxh7+ Ke7 34. Rf2 d4 35. Ng5 b4 36. cxb4 Bb5 37. h4 Bc6 38. Kf1 Ra1+ 39. Ke2 Rb1 40. f5 Rxb2+ 41. Ke1 Rb1+ 42. Kd2 c3+ 43. Kd3 Rd1+ 44. Kc4 Ba4 45. f6+ Kf8 46. e6 c2 47. Rxc2 Bxc2 48. Nxf7 Bf5 49. Ng5 Ke8 50. f7+ Ke7 51. Kc5 Rc1+ 52. Kxd4 Rc8 53. Ke5 Rb8 54. Nh7 Rb5+ 55. Kf4 Rxb4+ 56. Kg5 Rg4+ 57. Kh6 Rxh4+ 58. Kg7 Rxh7+ 59. Kxh7 Kf8 60. g4 Be4 61. g5 Bf5 62. Kh8 Bxe6 63. Kh7 Kxf7 0-1

[Event "CCT Play-in Chessable Masters 2024"]
[Site "Online"]
[Date "2024.01.31"]
[Round "8"]
[White "KantorGergely"]
[Black "Janosik, Gyorgy"]
[Result "1-0"]
[WhiteElo "2530"]
[BlackElo "2235"]
[Annotator "RC"]
[PlyCount "68"]
[EventDate "2024.01.26"]
[EventType "swiss"]
[EventCountry "NET"]
[SourceTitle "playchess.com"]
[Source "ChessBase"]
[SourceQuality "1"]

1. d4 d5 2. c4 c6 3. Nf3 e6 4. Qc2 Nf6 5. Nbd2 Nbd7 6. g3 Be7 7. Bg2 O-O 8. O-O b6 9. e4 Bb7 10. e5 Ne8 11. cxd5 cxd5 12. Nb1 Ba6 13. Re1 Rc8 14. Nc3 Nc7 15. h4 h6 16. Bf4 Ne8 17. Qd2 Nb8 18. Bh3 h5 19. Ng5 Rc6 20. g4 Bxg5 21. Bxg5 f6 22. exf6 Nxf6 23. gxh5 Bc8 24. h6 Rf7 25. hxg7 Rxg7 26. Qf4 e5 27. dxe5 Nh5 28. Qf3 Rc4 29. Qxh5 Bxh3 30. Kh2 Qd7 31. Rg1 Bg4 32. Qh6 Qf5 33. Nxd5 Qxe5+ 34. Nf4 Rc5 1-0

[Event "CCT Play-in Chessable Masters 2024"]
[Site "Online"]
[Date "2024.01.31"]
[Round "8"]
[White "GMKrikor"]
[Black "Matinian, Nikita"]
[Result "1/2-1/2"]
[WhiteElo "2524"]
[BlackElo "2418"]
[Annotator "RC"]
[PlyCount "88"]
[EventDate "2024.01.26"]
[EventType "swiss"]
[EventCountry "NET"]
[SourceTitle "playchess.com"]
[Source "ChessBase"]
[SourceQuality "1"]

1. Nf3 Nf6 2. c4 e6 3. Nc3 b6 4. d4 Bb4 5. e3 Bb7 6. Bd2 O-O 7. Bd3 c5 8. a3 Bxc3 9. Bxc3 cxd4 10. exd4 d6 11. O-O Nbd7 12. b4 Rc8 13. Bb2 Be4 14. Re1 Bxd3 15. Qxd3 Qc7 16. Rac1 Qb7 17. Rc2 Rc7 18. Nd2 Rfc8 19. Rec1 a5 20. b5 h6 21. a4 d5 22. h3 dxc4 23. Rxc4 Rxc4 24. Rxc4 Rxc4 25. Qxc4 Qd5 26. Qxd5 Nxd5 27. Nc4 f6 28. Kf1 Kf7 29. Ke2 g5 30. g3 h5 31. Kd3 g4 32. hxg4 hxg4 33. Bc1 Kg6 34. Bd2 Kf7 35. Nd6+ Ke7 36. Nc4 Kd8 37. Ke4 f5+ 38. Kd3 N7f6 39. Bg5 Kc7 40. Bxf6 Nxf6 41. Nd2 Nd5 42. Nc4 Nf6 43. Ne3 Nd7 44. Nc4 Nf6 1/2-1/2